00800nam a22002055i 4500001000700000003000900007005001700016008004100033040002000074100003400094245008100128260007700209300004100286597002200327650003000349752003100379852003700410999001900447952012800466155501ES-MaACL20250804062750.0040721s1878 xxk |||| | eng d aCAM bspa cCAM1 aHodgson, Shadworth H.912800914aThe philosophy of reflection b: in three books / cby Shadworth H. Hodgson. aLondon : bLongmans, Green and Co., c1878 (fRobson and Sons, printers) a2 v. (VIII, 441 ; 312 p.) ; c24 cm. aEnc. 3 t. en 2 v.07aFilosofía2embne912802 aGran Bretaña - cLondres aES-MaACLjF-99-100 z- Enc. tela c155501d155501 001040708LIBXIXaATENEOMbATENEOMcDEPO2d2008-01-17eSSCl0oF-99-100p1162658r2023-02-23 00:00:00w2023-02-23yMONANT